| 000 | 00577nam a2200181 a 4500 | ||
|---|---|---|---|
| 001 | 000026791 | ||
| 005 | 20200930030419.0 | ||
| 008 | 110325s1972 dr 000 0 spa d | ||
| 040 |
_aDO-SdBNP _bspa _cBNPHU |
||
| 082 |
_axxx _bF529e |
||
| 100 | 1 |
_aFischer, Robert J. _953902 |
|
| 245 | 1 | 3 |
_aEl encuentro del siglo / _cRobert J. Fischer, Boris Spassky; recopilación por José Goudy Pratt. |
| 260 |
_aSanto Domingo : _bEditora del Caribe, _c1972. |
||
| 300 |
_a59 p. ; _c23 cm. |
||
| 700 | 1 |
_aSpassky, Boris _953903 |
|
| 700 | 1 |
_aGoudy Pratt, José _erec. _949050 |
|
| 049 | _aBNPD | ||
| 999 |
_c26283 _d26283 |
||